The story of jesus / (Record no. 125117)

MARC details
000 -LEADER
fixed length control field 00657nam a22002297a 4500
005 - DATE AND TIME OF LATEST TRANSACTION
control field 20170124105949.0
010 ## - LIBRARY OF CONGRESS CONTROL NUMBER
LC control number 967778
020 ## - INTERNATIONAL STANDARD BOOK NUMBER
Terms of availability 00.00
035 ## - SYSTEM CONTROL NUMBER
System control number 967778
037 ## - SOURCE OF ACQUISITION
Source of stock number/acquisition Cen Lib/Ret
040 ## - CATALOGING SOURCE
Original cataloging agency DPL
Language of cataloging EN
082 ## - DEWEY DECIMAL CLASSIFICATION NUMBER
Classification number 280.33
Item number GIR
100 ## - MAIN ENTRY--PERSONAL NAME
Personal name Giraud, S. Louis
9 (RLIN) 13070
245 ## - TITLE STATEMENT
Title The story of jesus /
Statement of responsibility, etc by S. Louis Giraud; illustrated by Eileen M. Watts
260 ## - PUBLICATION, DISTRIBUTION, ETC. (IMPRINT)
Place of publication, distribution, etc North Finchley
Name of publisher, distributor, etc Strand Publications
270 ## - ADDRESS
City North Finchley
300 ## - PHYSICAL DESCRIPTION
Extent xvii, 22p. ;
Dimensions 23cm(Hb)
Other physical details ill.
650 ## - SUBJECT ADDED ENTRY--TOPICAL TERM
Topical term or geographic name as entry element Crist
9 (RLIN) 13071
650 ## - SUBJECT ADDED ENTRY--TOPICAL TERM
Topical term or geographic name as entry element Biographies
9 (RLIN) 618
700 ## - ADDED ENTRY--PERSONAL NAME
Personal name Watts, Eileen M.
9 (RLIN) 13072
942 ## - ADDED ENTRY ELEMENTS (KOHA)
Source of classification or shelving scheme Dewey Decimal Classification
Koha item type English Books
Classification part 280.33
Call number suffix GIR
Holdings
Withdrawn status Lost status Damaged status Not for loan Home library Current library Date acquired Source of acquisition Cost, normal purchase price Total Checkouts Total Renewals Full call number Barcode Date last seen Date checked out Copy number Cost, replacement price Price effective from Koha item type
        Central Library Central Library 19/06/2015 Cen Lib/Ret 0.00 1 1 280.33 GIR 967778 21/10/2019 09/10/2019 1 0.00 19/06/2015 English Books

© Delhi Public Library
Hit Counter
free hit counter